Top Baby Boy Names that Start with S - Statistics

General Stats
  • This quiz has been taken 2,802 times
  • The average score is 16 of 42
Answer Stats
Answer % Correct
Sam
95%
Samuel
95%
Stefan
88%
Stephen
88%
Steven
88%
Steve
79%
Sean
78%
Shaun
78%
Shawn
78%
Simon
66%
Stanley
53%
Scott
51%
Shane
51%
Sebastian
50%
Seth
48%
Saul
41%
Solomon
38%
Sawyer
34%
Silas
34%
Sylas
34%
Sonny
32%
Sidney
27%
Samson
25%
Skylar
25%
Skyler
25%
Spencer
25%
Sage
18%
Salvador
18%
Salvatore
18%
Seamus
17%
Sullivan
17%
Sergio
16%
Santiago
15%
Soren
13%
Sterling
9%
Samir
4%
Santos
4%
Stetson
4%
Santana
3%
Santino
3%
Semaj
1%
Sincere
1%
No matching quizzes found
Score Distribution
Percent of People with Each Score
Percentile by Number Answered
Your Score History
You have not taken this quiz